header

Biosorbents for metal ions (Record no. 72395)

MARC details
000 -LEADER
fixed length control field 01271nam a2200337Ia 4500
082 04 - DEWEY DECIMAL CLASSIFICATION NUMBER
Classification number 546.3
245 00 - TITLE STATEMENT
Title Biosorbents for metal ions
260 ## - PUBLICATION, DISTRIBUTION, ETC. (IMPRINT)
Place of publication London :
Name of publisher Taylor & Francis,
Year of publication c1997.
300 ## - PHYSICAL DESCRIPTION
Number of Pages x, 238 p. :
Other physical details ill.
650 #0 - SUBJECT ADDED ENTRY--TOPICAL TERM
Topical Term Metal ions
Topical Term Heavy metals
Topical Term Sorbents.
700 1# - ADDED ENTRY--PERSONAL NAME
Personal name Wase, D. A. John,
Personal name Forster, C. F.
856 40 - ELECTRONIC LOCATION AND ACCESS
Uniform Resource Identifier http://site.ebrary.com/lib/rucke/Doc?id=10056106

No items available.

© 2026 Rongo University
Contact us: librarian | system librarian | Rongo university